<?xml version="1.0" encoding="UTF-8"?>
<collection xmlns="http://www.loc.gov/MARC21/slim">
 <record>
  <leader>01675nam a2200241Ia 4500</leader>
  <controlfield tag="001">TDMU_28526</controlfield>
  <controlfield tag="008">210410s9999    xx            000 0 und d</controlfield>
  <datafield tag="082" ind1=" " ind2=" ">
   <subfield code="a">529.308995911</subfield>
  </datafield>
  <datafield tag="090" ind1=" " ind2=" ">
   <subfield code="b">M109</subfield>
  </datafield>
  <datafield tag="100" ind1=" " ind2=" ">
   <subfield code="a">Martin, George R. R</subfield>
  </datafield>
  <datafield tag="245" ind1=" " ind2="0">
   <subfield code="a">Trò chơi vương quyền 4A</subfield>
  </datafield>
  <datafield tag="245" ind1=" " ind2="0">
   <subfield code="b">Game of thrones 4A</subfield>
  </datafield>
  <datafield tag="245" ind1=" " ind2="0">
   <subfield code="c">George R. R. Martin; Cẩm Chi, Vũ Hương (dịch)</subfield>
  </datafield>
  <datafield tag="245" ind1=" " ind2="0">
   <subfield code="p">Tiệc quạ đen</subfield>
  </datafield>
  <datafield tag="260" ind1=" " ind2=" ">
   <subfield code="a">H.</subfield>
  </datafield>
  <datafield tag="260" ind1=" " ind2=" ">
   <subfield code="b">Lao động</subfield>
  </datafield>
  <datafield tag="260" ind1=" " ind2=" ">
   <subfield code="c">2014</subfield>
  </datafield>
  <datafield tag="300" ind1=" " ind2=" ">
   <subfield code="a">640tr</subfield>
  </datafield>
  <datafield tag="520" ind1=" " ind2=" ">
   <subfield code="a">Tên sách tiếng Anh: Game of thrones 4A; Trò chơi vương quyền là một series tiểu thuyết sử thi viễn tưởng của tiểu thuyết gia nổi tiếng người Mỹ George R. R. Martin. Lấy cảm hứng từ tiểu thuyết &quot;Cuộc chiến hoa hồng&quot; và &quot;Ivanhoe&quot; Martin bắt đầu viết bộ sách vào năm 1991 và năm 1996 ông cho ra mắt ấn phẩm đầu tiên.; Bộ sách viết về cuộc tranh giành quyền lực của bảy lãnh chúa vùng đất Weterlos và Essos, gồm những khu vực do các dòng họ lớn cai trị, trong bối cảnh nhiều thế lực đen tối có sức mạnh siêu nhiên như người Ngoại nhân, quỷ bóng trắng... luôn đe dọa xâm chiếm Weterlos.</subfield>
  </datafield>
  <datafield tag="650" ind1=" " ind2=" ">
   <subfield code="a">Văn học hiện đại</subfield>
   <subfield code="v">Tiểu thuyết</subfield>
   <subfield code="z">Mỹ; Văn học Mỹ</subfield>
   <subfield code="v">Tiểu thuyết</subfield>
  </datafield>
  <datafield tag="700" ind1=" " ind2=" ">
   <subfield code="a">Cẩm Chi</subfield>
  </datafield>
  <datafield tag="856" ind1=" " ind2=" ">
   <subfield code="u">http://lrc.tdmu.edu.vn/opac/search/detail.asp?aID=2&amp;ID=28526</subfield>
  </datafield>
  <datafield tag="980" ind1=" " ind2=" ">
   <subfield code="a">Trung tâm Học liệu Trường Đại học Thủ Dầu Một</subfield>
  </datafield>
 </record>
</collection>
